• 首页
  • 本馆介绍
  • 公告通知
  • 最新文献
  • 馆藏检索
  • 电子资源
  • 读者导购
  • 参考咨询
  • 我的图书馆
  • 登录
  • 详细信息显示
  • 放入我的书架
  • 预约/预借图书
  • 作者相关作品
  • 分类相关作品
  • 丛书相关作品
  • 出版社相关作品

书目信息

  • 表格格式
  • 工作单格式
  • 卡片格式
题名:
影视剪辑编辑艺术
    
 
作者: 傅正义 著
分册:  
出版信息: 北京   中国传媒大学出版社  2017
页数: 355页
开本: 26cm
丛书名: 实用影视艺术丛书
单 册:
中图分类: J932
科图分类:
主题词: 电影--剪辑 , 电视--剪辑
电子资源:
ISBN: 978-7-5657-1956-1
000 00890oam2 2200277 450
001 012001011973
005 20191125150144.84
010    @a978-7-5657-1956-1@dCNY59.00
100    @a20171018d2017 em y0chiy50 ea
101 0  @achi
102    @aCN@b110000
105    @aa z 000yy
106    @ar
200 1  @a影视剪辑编辑艺术@9ying shi jian ji bian ji yi shu@f傅正义著
205    @a3版
210    @a北京@c中国传媒大学出版社@d2017
215    @a355页@c照片@d26cm
225 2  @a实用影视艺术丛书
330    @a本书是一部全面论述电影电视剪辑艺术的原理、方法和技巧的著作。全书内容包括:影视艺术与剪辑功能、影视艺术要素与剪辑因素、影视片的三类剪辑手法等。
461  0 @12001 @a实用影视艺术丛书
606 0  @a电影@x剪辑
606 0  @a电视@x剪辑
690    @aJ932@v5
701  0 @a傅正义@9fu zheng yi@f(1925-)@4著
801  0 @aCN@b上海新华@c20191020
905    @b1184756-9@dJ932@e377=3@f4
    
    影视剪辑编辑艺术/傅正义著.-3版.-北京:中国传媒大学出版社,2017
    355页:照片;26cm.-(实用影视艺术丛书)
    
    
    ISBN 978-7-5657-1956-1:CNY59.00
    本书是一部全面论述电影电视剪辑艺术的原理、方法和技巧的著作。全书内容包括:影视艺术与剪辑功能、影视艺术要素与剪辑因素、影视片的三类剪辑手法等。
●
相关链接 在E读中查询图书 在五车中查询图书 在当当中查询图书 在豆瓣中查询图书


正题名:影视剪辑编辑艺术     索取号:J932/377=3         预约/预借

序号 登录号 条形码 馆藏地/架位号 状态 备注
1 1184756   211847563   第一样本阅览室/ [索取号:J932/377=3] 在馆    
2 1184757   211847572   第一借阅区/ [索取号:J932/377=3] 在馆    
3 1184758   211847581   第一借阅区/ [索取号:J932/377=3] 在馆    
4 1184759   211847590   第一借阅区/ [索取号:J932/377=3] 在馆    
欢迎您!
大连网信软件有限公司© 版权所有